| 000 | 01347nam0a22002891 4500 | ||
|---|---|---|---|
| 001 | rc\4328248 | ||
| 005 | 20250612051246.0 | ||
| 021 |
_aRU _b[68-46043ж] |
||
| 035 | _a(NLR Aleph) 008516712 | ||
| 090 |
_a8202968 _c8202968 |
||
| 100 | _a20130416d1968 |||y0rusy50 ca | ||
| 101 | 0 | _arus | |
| 102 | _aRU | ||
| 105 | _aa z ||||| | ||
| 200 | 1 |
_aВопросы водного режима растений при недостаточном и избыточном увлажнении почвы _e[Сборник статей _fРед. коллегия: Ф.Д. Сказкин (отв. ред.) и др.] |
|
| 210 |
_aЛенинград _cБ. и. _d1968 |
||
| 215 |
_a232 с. _cил. _d22 |
||
| 225 | 1 |
_aЛенинградский государственный ордена Трудового Красного Знамени педагогический институт имени А.И. Герцена. Ученые записки _vТ. 333 |
|
| 320 | _aБиблиогр. в конце статей | ||
| 606 |
_aРастения _xВодный режим _jСборники _2psbo |
||
| 606 |
_aПочвы _xВодный режим _jСборники _2psbo |
||
| 702 | 1 |
_aСказкин _bФ.Д. _gФедор Данилович _4340 |
|
| 801 | 0 |
_aRU _bNLR _gpsbo |
|
| 801 | 1 |
_aRU _bELAR _2rusmarc |
|
| 852 |
_aNLR _jП7/103 |
||
| 942 | _cBOOK | ||
| 980 | _aNB | ||